书目信息 |
| 题名: |
大学英语四级考点词汇精讲
|
|
| 作者: | 潘晓燕 主编 | |
| 分册: | ||
| 出版信息: | 上海 上海交通大学出版社 2021.09 |
|
| 页数: | 325页 | |
| 开本: | 24cm | |
| 丛书名: | ||
| 单 册: | ||
| 中图分类: | H319.34 | |
| 科图分类: | ||
| 主题词: | 英语--ying yu--词汇--高等学校--自学参考资料 | |
| 电子资源: | ||
| ISBN: | 978-7-313-25461-0 | |
| 000 | 01170nam0 2200229 450 | |
| 001 | 26589 | |
| 005 | 20220920133720.21 | |
| 010 | @a978-7-313-25461-0@dCNY56.00 (含模拟题) | |
| 100 | @a20211026d2021 em y0chiy50 ea | |
| 101 | 0 | @achi@aeng |
| 102 | @aCN@b310000 | |
| 105 | @ay z 000yy | |
| 200 | 1 | @a大学英语四级考点词汇精讲@Ada xue ying yu si ji kao dian ci hui jing jiang@f主编潘晓燕 |
| 210 | @a上海@c上海交通大学出版社@d2021.09 | |
| 215 | @a325页@d24cm@e模拟题1册 (64页 ; 21cm) | |
| 314 | @a潘晓燕, 25年英语教学与管理经验, 19次被评为上海市级、上海交通大学校级优秀教师, 曾获校级教学成果特等奖。 | |
| 330 | @a本书根据最新《全国大学英语四、六级考试大纲》的要求, 选取了1280个核心词汇, 并包含四级考试真题1500道, 模拟题1288道。本书以字母划分单元, 每个单元包括核心词条、四级真题及答案解析, 核心词条将考试大纲和指导性教材中出现的核心单词列出, 标注词性与中文释义, 并通过“构词”“例句” “搭配”“派生”“相关归类”“考点”“真题”“模拟题”等模块帮助读者全面掌握词汇。 | |
| 606 | 0 | @a英语@Aying yu@x词汇@x高等学校@j自学参考资料 |
| 690 | @aH319.34@v5 | |
| 701 | 0 | @a潘晓燕@Apan xiao yan@4主编 |
| 801 | 0 | @aCN@c20220910 |
| 905 | @a河南城建学院图书馆@dH319.34@eP250@f2 | |
| 大学英语四级考点词汇精讲/主编潘晓燕.-上海:上海交通大学出版社,2021.09 |
| 325页;24cm+模拟题1册 (64页 ; 21cm) |
| ISBN 978-7-313-25461-0:CNY56.00 (含模拟题) |
| 本书根据最新《全国大学英语四、六级考试大纲》的要求, 选取了1280个核心词汇, 并包含四级考试真题1500道, 模拟题1288道。本书以字母划分单元, 每个单元包括核心词条、四级真题及答案解析, 核心词条将考试大纲和指导性教材中出现的核心单词列出, 标注词性与中文释义, 并通过“构词”“例句” “搭配”“派生”“相关归类”“考点”“真题”“模拟题”等模块帮助读者全面掌握词汇。 |
| ● |
| 相关链接 |
|
|
|
正题名:大学英语四级考点词汇精讲
索取号:H319.34/P250
 
预约/预借
| 序号 | 登录号 | 条形码 | 馆藏地/架位号 | 状态 | 备注 |
| 1 | 1577839 | 215778399 | 语言库209/209语言库 13排1列2层/ [索取号:H319.34/P250] | 在馆 | |
| 2 | 1577840 | 215778406 | 语言库209/209语言库 13排1列2层/ [索取号:H319.34/P250] | 在馆 |